Online
Catalog

Desinformación : (Record no. 13475)

MARC details
000 -CABECERA
campo de control de longitud fija 01128cam a2200289 a 4500
001 - NÚMERO DE CONTROL
campo de control 000013869
005 - FECHA Y HORA DE LA ÚLTIMA TRANSACCIÓN
campo de control 20200929163358.0
008 - DATOS DE LONGITUD FIJA--INFORMACIÓN GENERAL
campo de control de longitud fija 091130s1986 ag 000 f spa d
020 ## - NÚMERO INTERNACIONAL ESTÁNDAR DEL LIBRO
Número Internacional Estándar del Libro 9509377058
035 ## - NÚMERO DE CONTROL DEL SISTEMA
Número de control de sistema (DLC) 84000438
040 ## - FUENTE DE LA CATALOGACIÓN
Centro catalogador/agencia de origen DO-SdBNP
Centro/agencia transcriptor DLC
Centro/agencia modificador DLC
041 17 - CÓDIGO DE LENGUA
Código de lengua del texto/banda sonora o título independiente spa
Código de lengua original eng
Fuente del código Código de idioma MARC
082 ## - NÚMERO DE LA CLASIFICACIÓN DECIMAL DEWEY
Número de clasificación 327.47
Número de documento/Ítem S562d
049 ## - FONDOS LOCALES (OCLC)
Fondos de biblioteca BNGR
100 1# - ENTRADA PRINCIPAL--NOMBRE DE PERSONA
Nombre de persona Shultz, Richard H.,
Fechas asociadas al nombre 1947-
9 (RLIN) 31408
240 10 - TÍTULO UNIFORME
Título uniforme Dezinformatsia: active measures in Soviet strategy
Lenguaje de la obra Español.
245 10 - MENCIÓN DE TÍTULO
Título Desinformación :
Resto del título medidas activas en la Soviética /
Mención de responsabilidad, etc. Richard H. Shultz y Roy Godson.
260 ## - PUBLICACIÓN, DISTRIBUCIÓN, ETC.
Lugar de publicación, distribución, etc. Buenos Aires :
Nombre del editor, distribuidor, etc. CLIO,
Fecha de publicación, distribución, etc. 1986.
300 ## - DESCRIPCIÓN FÍSICA
Extensión vi, 219 p. :
Otras características físicas il. ;
Dimensiones 23 cm.
504 ## - NOTA DE BIBLIOGRAFÍA, ETC.
Nota de bibliografía, etc. Incluye referencias bibliográficas y notas al pie de las páginas.
534 ## - NOTA SOBRE LA VERSIÓN ORIGINAL
Encabezamiento principal del original Título orignal en inglés:
Mención de título del original Dezinformatsia: active measures in Soviet strategy.
650 #4 - PUNTO DE ACCESO ADICIONAL DE MATERIA--TÉRMINO DE MATERIA
Término de materia o nombre geográfico como elemento de entrada Desinformación
Subdivisión geográfica Unión Soviética.
9 (RLIN) 31409
650 #4 - PUNTO DE ACCESO ADICIONAL DE MATERIA--TÉRMINO DE MATERIA
Término de materia o nombre geográfico como elemento de entrada Política internacional
Subdivisión cronológica 1945-1989.
9 (RLIN) 2969
651 #4 - PUNTO DE ACCESO ADICIONAL DE MATERIA--NOMBRE GEOGRÁFICO
Nombre geográfico Unión Soviética
Subdivisión general Relaciones Exteriores
Subdivisión cronológica 1945-1991.
9 (RLIN) 31410
700 1# - PUNTO DE ACCESO ADICIONAL--NOMBRE DE PERSONA
Nombre de persona Godson, Roy,
Fechas asociadas al nombre 1942-
9 (RLIN) 31411
910 ## - DATOS DE OPCIÓN DEL USUARIO (OCLC)
Datos de opción del usuario Catalogación derivada
Holdings
Estado de retiro Estado de pérdida Restricciones de uso No para préstamo Código de colección Localización permanente Ubicación/localización actual Ubicación en estantería Fecha de adquisición Número de inventario Total de préstamos Signatura topográfica completa Código de barras Fecha visto por última vez Precio válido a partir de Tipo de ítem Koha
    Préstamo interno   Monografías: Libros y Folletos General General En catalogación 30.11.2009 LF1   327.47 S562d 13869-10 25.06.2020 25.06.2020 Préstamo interno

Powered by Koha